The power list (Record no. 75895)

MARC details
000 -LEADER
fixed length control field 00588cab a2200205 4500
001 - CONTROL NUMBER
control field L130951
008 - FIXED-LENGTH DATA ELEMENTS--GENERAL INFORMATION
fixed length control field 050920n2005 000 0 eng u
035 ## - SYSTEM CONTROL NUMBER
System control number (Sirsi) u130951
041 0# - LANGUAGE CODE
Language code of text/sound track or separate title eng
100 1# - MAIN ENTRY--PERSONAL NAME
Personal name Jansen, Mark
245 04 - TITLE STATEMENT
Title The power list
260 ## - PUBLICATION, DISTRIBUTION, ETC.
Date of publication, distribution, etc. 2005
490 #0 - SERIES STATEMENT
Series statement Property Week
Volume/sequential designation 70(36) 9 September 2005, 56-62(7)
520 ## - SUMMARY, ETC.
Summary, etc. The results of a poll into the 50 most influential professional and legal figures in the property industry.
590 ## - LOCAL NOTE (RLIN)
Local note IKA270905
690 ## - LOCAL SUBJECT ADDED ENTRY--TOPICAL TERM (OCLC, RLIN)
Topical term or geographic name as entry element PROPERTY
700 1# - ADDED ENTRY--PERSONAL NAME
Personal name Shepherd, Mark
700 1# - ADDED ENTRY--PERSONAL NAME
Personal name Neil-Gallacher, Ettie
942 ## - ADDED ENTRY ELEMENTS (KOHA)
Suppress in OPAC 0
Holdings
Withdrawn status Lost status Source of classification or shelving scheme Damaged status Not for loan Home library Current library Shelving location Date acquired Total Checkouts Full call number Barcode Date last seen Copy number Price effective from Koha item type
    Dewey Decimal Classification     London London Journal article 20/09/2005   L130951 130951-1001 06/08/2019 1 06/08/2019 Journal article